Korean botanical gardens and arboreta / (Registro nro. 19037)

Detalles MARC
000 -CABECERA
Campo de control 00899nam a22002297a 4500
005 - FECHA Y HORA DE LA ULTIMA TRANSACCION
Campo de control 20160919094632.0
008 - ELEMENTOS DE LONGITUD FIJA—INFORMACION GENERAL
Campo de control 160919s2009 ko abo||r|||| 00| 0 eng d
020 ## - ISBN
ISBN 9788991458505
040 ## - FUENTE DE CATALOGACIÓN
Agencia catalogadora original CO-BoIAVH
Agencia transcriptora CO-BoIAVH
041 0# - IDIOMA
Código de idioma para texto/pista de sonido o título separado Inglés
044 ## - PAÍS DE PUBLICACIÓN
País de publicación Corea (Sur)
082 04 - NUMERO DE CLASIFICACION DECIMAL DEWEY
Número de clasificación 580.73
Número del ítem K84b
245 00 - MENCION DE TITULO
Título Korean botanical gardens and arboreta /
Mención de responsabilidad Korea National Arboretum
260 ## - PUBLICACION, DISTRIBUCION, ETC. (PIE DE IMPRENTA)
Lugar de publicación, distribución, etc. Seúl, Corea Sur :
Nombre del editor, distribuidor, etc. Korea National Arboretum :
-- Korean Association of Botanical Gardens & Arboreta,
Fecha de publicación, distribución, etc. 2009.
300 ## - DESCRIPCION FISICA
Extensión 200 páginas :
Otros detalles físicos ilustraciones a color , mapas y fotografías a color ;
Dimensiones 19 x 13 cm.
650 26 - ASIENTO SECUNDARIO DE MATERIA - TERMINO TEMATICO
Término temático o nombre geográfico como elemento de entrada Jardines botánicos
Subdivisión geográfica Corea del Sur
9 (RLIN) 76378
650 26 - ASIENTO SECUNDARIO DE MATERIA - TERMINO TEMATICO
Término temático o nombre geográfico como elemento de entrada Colección de plantas
Subdivisión geográfica Corea del Sur
9 (RLIN) 76379
650 26 - ASIENTO SECUNDARIO DE MATERIA - TERMINO TEMATICO
Término temático o nombre geográfico como elemento de entrada Arboretos
Subdivisión geográfica Corea del Sur
9 (RLIN) 76380
710 2# - ASIENTO SECUNDARIO - NOMBRE CORPORATIVO
Nombre corporativo o de jurisdicción como elemento de entrada Korean Association of Botanical Gardens & Arboreta
9 (RLIN) 76376
710 2# - ASIENTO SECUNDARIO - NOMBRE CORPORATIVO
Nombre corporativo o de jurisdicción como elemento de entrada Korea National Arboretum
9 (RLIN) 76381
942 ## - ELEMENTOS ADICIONALES (KOHA)
Sistema de clasificación Dewey Decimal Classification
Tipo de ítem Libro
Existencias
Withdrawn status Lost status Sistema de Clasificación Damaged status No para préstamo Colección Inventariado Ubicación Permanente Ubicación actual Fecha de adquisición Fuente de Valor Valor Total Checkouts Número topográfico Inventario / Código de Barras Date last seen Ejemplar Price effective from Forma de adquisición Tipo de material
    Dewey Decimal Classification     General Inventariado 2017 Bogotá Bogotá 19/09/2016 Instituto 39000.00   LB-580.73 K84b 040698 19/09/2016 Ej. 1 19/09/2016 Donación Libro